000
00328nam a2200133Ia 4500
008
240624s9999 xx 000 0 und d
041
_a
eng
082
_a
823 MIR
100
_a
MIR RAZA
245
_a
TASTE OF WORDS AN INTRODUCTION TO URDU P
260
_c
2014
_a
Haryana
_b
Penguin
300
_a
293 : p. : cm. ; 20
365
_c
RS
999
_c
25385
_d
25385